| 000 | 00523nam a2200193 a 4500 | ||
|---|---|---|---|
| 001 | 3812 | ||
| 003 | CDMR | ||
| 005 | 20131105173815.0 | ||
| 008 | 130130s1974||||||||||||||||||||||||||||d | ||
| 020 | _a8473660145 | ||
| 040 |
_aCDMR _bcat _cCDMR |
||
| 100 | 1 |
_aGalán, Diego _92695 |
|
| 245 | 1 | 0 |
_a¿ Reirse en España ? _b: el humor español en el banquillo _cDiego Galán |
| 260 |
_aValencia _c1974 _bFernando Torres |
||
| 300 | _a254 p. | ||
| 650 | 0 |
_92614 _aHumorisme _zEspanya |
|
| 650 | 0 |
_94266 _aIntervius |
|
| 942 |
_cMON _2udc |
||
| 999 |
_c3812 _d3812 |
||